000 00615nam a2200205Ia 4500
001 17151
008 140405s9999 xx 000 0 und d
020 _a0-02-305931-1
040 _cPK-LaUMT
082 _a 510
_bBAR-E
100 _aBarnett, Raymond A.
245 _aEssentials of college mathematics:
_bFor business, economics, life sciences, and social sciences.
_cBarnett, Raymond A.<>Ziegler, Michael R.
250 _a3rd
260 _aNew York,USA:
_bMaxwell Macmillan International,
_c1995
300 _a773 p.
546 _aEN
650 _aMathematics
700 _aZiegler, Michael R.
942 _cBK
999 _c17579
_d17579